[Event "AUT-ch U18 Online Rapid"]
[Site "Playchess.com INT"]
[Date "2020.12.13"]
[Round "2"]
[White "Buergmayr, Mario"]
[Black "Kreutzmann, Duke"]
[Result "0-1"]
[WhiteElo "1447"]
[BlackElo "1967"]
[PlyCount "86"]
[EventDate "2020.12.13"]
[EventType "swiss (rapid)"]
[EventRounds "7"]
[EventCountry "AUT"]
[SourceTitle "EXT 2022"]
[Source "ChessBase"]
[SourceDate "2021.10.06"]
[SourceVersion "1"]
[SourceVersionDate "2021.10.06"]
[SourceQuality "1"]

1. d4 e6 2. c4 Bb4+ 3. Nc3 c5 4. Nf3 Nc6 5. e3 Bxc3+ 6. bxc3 d6 7. Bd3 e5 8. d5 Nce7 9. e4 h6 10. 0-0 Nf6 11. Re1 0-0 12. h3 Ng6 13. Rb1 Qc7 14. Qe2 Qe7 15. Bd2 Nh5 16. Nh2 Nhf4 17. Bxf4 Nxf4 18. Qe3 Qg5 19. g3 Nxh3+ 20. Kg2 Qg6 21. Be2 b6 22. Rh1 f5 23. exf5 Bxf5 24. Rb2 Nf4+ 25. Kg1 Nxe2+ 26. Rxe2 Bd3 27. Rd2 Be4 28. f3 Bf5 29. g4 Bd7 30. Kg2 Rf4 31. Rf1 Rxc4 32. Rdf2 Rf4 33. Rg1 Raf8 34. Kg3 h5 35. Rgg2 Qf6 36. a3 e4 37. fxe4 Rxf2 38. Rxf2 Qe5+ 39. Rf4 g5 40. Qf3 Rxf4 41. Qe2 Rxe4+ 42. Kf2 Rxe2+ 43. Kf3 Qe4+ 0-1

[Event "AUT-ch Vor2 Internet"]
[Site "Playchess.com INT"]
[Date "2020.04.13"]
[Round "3"]
[White "Kreutzmann, Duke"]
[Black "Rampler, Evelyn"]
[Result "1-0"]
[WhiteElo "2036"]
[BlackElo "1806"]
[PlyCount "91"]
[EventDate "2020.04.13"]
[EventType "swiss (blitz)"]
[EventRounds "9"]
[EventCountry "AUT"]
[SourceTitle "CBM 195 Extra"]
[Source "ChessBase"]
[SourceDate "2020.05.31"]
[SourceVersion "1"]
[SourceVersionDate "2020.05.31"]
[SourceQuality "1"]

1. d4 d5 2. Bf4 Nc6 3. e3 Nf6 4. Nf3 Nh5 5. Bg5 f6 6. Bh4 g5 7. Nxg5 fxg5 8. Qxh5+ Kd7 9. Bxg5 Bg7 10. Be2 Nb4 11. Na3 Qf8 12. c3 Nc6 13. Bg4+ Kd8 14. Bxc8 Kxc8 15. Bf4 Bf6 16. Qxd5 Qg7 17. Qe6+ Kb8 18. Nb5 Rc8 19. Qd7 e5 20. Qxg7 Bxg7 21. dxe5 Nxe5 22. 0-0-0 Ng4 23. Bg3 a6 24. Nd4 Rf8 25. Ne6 Rf7 26. Nxg7 Rxg7 27. h3 Nxe3 28. Bxc7+ Kxc7 29. fxe3 Rxg2 30. Rd2 Rg7 31. Rhd1 Re8 32. Rd3 Rg3 33. Rd7+ Kb6 34. Rxh7 Rgxe3 35. Rdd7 Re1+ 36. Kc2 R1e2+ 37. Kb3 Rb8 38. h4 Re5 39. a4 Kc6 40. Rc7+ Kd5 41. Rcd7+ Ke4 42. Rxb7 Rxb7+ 43. Rxb7 Rh5 44. Rb6 a5 45. Rb5 Kf3 46. Rxh5 1-0

[Event "World ol U16"]
[Site "Konya"]
[Date "2018.11.26"]
[Round "3.7"]
[White "Kreutzmann, Duke"]
[Black "Song, Yuxin"]
[Result "0-1"]
[WhiteElo "2049"]
[BlackElo "2178"]
[PlyCount "122"]
[EventDate "2018.11.25"]
[EventType "team-swiss"]
[EventRounds "9"]
[EventCountry "TUR"]
[SourceTitle "CBM 187 Extra"]
[Source "ChessBase"]
[SourceDate "2018.11.04"]
[SourceVersion "1"]
[SourceVersionDate "2018.11.04"]
[SourceQuality "1"]
[WhiteTeam "Switzerland"]
[BlackTeam "China"]
[WhiteTeamCountry "SUI"]
[BlackTeamCountry "CHN"]

1. d4 Nf6 2. Bf4 e6 3. e3 c5 4. c3 Nc6 5. Nd2 d5 6. Ngf3 Bd6 7. Bg3 Bxg3 8. hxg3 Qd6 9. Bb5 Bd7 10. Bxc6 Bxc6 11. Ne5 Qc7 12. g4 Nd7 13. Ndf3 cxd4 14. exd4 Nf8 15. g5 f6 16. Nd3 Ng6 17. gxf6 gxf6 18. Qe2 Qd6 19. Qe3 0-0-0 20. 0-0-0 Bb5 21. Rhe1 Rde8 22. g3 Kb8 23. Kb1 Re7 24. Nd2 e5 25. Nb3 Rhe8 26. dxe5 fxe5 27. Qc5 Qxc5 28. Ndxc5 b6 29. Nd3 a5 30. Ndc1 a4 31. Nd2 e4 32. Nf1 Rd8 33. Ne3 Red7 34. Nf5 Rf8 35. Nd4 Ba6 36. Rd2 Ne5 37. Ne6 Rf6 38. Nf4 Nf3 39. Red1 Nxd2+ 40. Rxd2 Rfd6 41. Nce2 Bxe2 42. Nxe2 Kb7 43. Kc2 Kc6 44. Nd4+ Kc5 45. b4+ axb3+ 46. axb3 Rf6 47. b4+ Kd6 48. g4 Rdf7 49. Nf5+ Ke5 50. Kd1 Rc7 51. Ne3 Rd6 52. Nf5 Rd8 53. Rc2 h5 54. Ne3 hxg4 55. Nxg4+ Kf4 56. Ne3 d4 57. cxd4 Rxd4+ 58. Rd2 Rxd2+ 59. Kxd2 Kf3 60. Ke1 Rc1+ 61. Kd2 Rb1 0-1

[Event "Vlissingen HZ op 22nd"]
[Site "Vlissingen"]
[Date "2018.08.07"]
[Round "5"]
[White "Frayna, Janelle Mae"]
[Black "Kreutzmann, Duke"]
[Result "1-0"]
[WhiteElo "2278"]
[BlackElo "1987"]
[PlyCount "109"]
[EventDate "2018.08.04"]
[EventType "swiss"]
[EventRounds "9"]
[EventCountry "NED"]
[SourceTitle "CBM 185 Extra"]
[Source "ChessBase"]
[SourceDate "2018.07.29"]
[SourceVersion "1"]
[SourceVersionDate "2018.07.29"]
[SourceQuality "1"]

1. c4 Nf6 2. g3 e6 3. Bg2 d5 4. Nf3 Be7 5. 0-0 0-0 6. b3 c5 7. Bb2 Nc6 8. e3 d4 9. exd4 cxd4 10. Re1 Rb8 11. d3 Bc5 12. Ne5 Nxe5 13. Rxe5 Qd6 14. Rxc5 Qxc5 15. Ba3 Qc7 16. Bxf8 Kxf8 17. Nd2 e5 18. b4 b6 19. Rc1 Bf5 20. Nf3 Nd7 21. h3 f6 22. Nh4 Be6 23. g4 Qd6 24. a3 a5 25. Rb1 g6 26. Nf3 Kg7 27. Nd2 f5 28. gxf5 gxf5 29. Qa4 axb4 30. axb4 Rg8 31. Qc6 Qe7 32. Kh1 Kh8 33. Rg1 f4 34. Ra1 Qe8 35. Kh2 Qf7 36. Ra8 Qf5 37. Rxg8+ Kxg8 38. c5 bxc5 39. bxc5 f3 40. Bxf3 Qxh3+ 41. Kg1 Qh6 42. Ne4 Qg6+ 43. Ng3 Nf8 44. Qb5 Bf5 45. c6 Bxd3 46. Qxe5 Bc4 47. Qxd4 Qf7 48. Bg2 Be6 49. Qc5 Qc7 50. Ne4 Bf7 51. Nf6+ Kg7 52. Qc3 Kh6 53. Ng4+ Kh5 54. Ne5 Ne6 55. Qf3+ 1-0

[Event "Innsbruck op-A 1st"]
[Site "Innsbruck"]
[Date "2017.08.26"]
[Round "2"]
[White "Sucher, Johannes"]
[Black "Kreutzmann, Duke"]
[Result "1-0"]
[WhiteElo "2068"]
[BlackElo "1937"]
[PlyCount "103"]
[EventDate "2017.08.25"]
[EventType "swiss"]
[EventRounds "9"]
[EventCountry "AUT"]
[SourceTitle "CBM 180 Extra"]
[Source "ChessBase"]
[SourceDate "2017.10.06"]
[SourceVersion "1"]
[SourceVersionDate "2017.10.06"]
[SourceQuality "1"]

1. g3 g6 2. Bg2 Bg7 3. c4 c5 4. Nc3 Nc6 5. e3 e6 6. Nge2 Nge7 7. d4 d6 8. dxc5 dxc5 9. Qxd8+ Kxd8 10. Ne4 b6 11. Nd6 Rf8 12. Rb1 a6 13. 0-0 Kc7 14. Nxc8 Raxc8 15. f4 f5 16. e4 Nd4 17. Nc3 Rfe8 18. e5 Nec6 19. b3 Rcd8 20. a3 Bf8 21. Rf2 Be7 22. Be3 Rd7 23. Rfb2 Na5 24. Bf1 Red8 25. b4 cxb4 26. axb4 Nb7 27. Ra2 Nf3+ 28. Kg2 Nd2 29. Rxa6 Nxb1 30. Bxb6+ Kb8 31. Nxb1 Rf8 32. c5 Nd8 33. Be2 g5 34. Bf3 Nb7 35. Ba7+ Kc8 36. c6 Rc7 37. cxb7+ Kd7 38. b8Q Rc2+ 39. Kf1 Rxb8 40. Bxb8 Rc1+ 41. Ke2 Rxb1 42. Bd6 Rb2+ 43. Kd3 Rb3+ 44. Kc4 Rxf3 45. Ra7+ Kc8 46. Rxe7 gxf4 47. b5 Rf1 48. gxf4 Rxf4+ 49. Kc5 Rf1 50. Kc6 Rc1+ 51. Bc5 Kd8 52. Rf7 1-0

[Event "EU-ch U14 26th"]
[Site "Prague"]
[Date "2016.08.27"]
[Round "9"]
[White "Novotny, Martin"]
[Black "Kreutzmann, Duke"]
[Result "1/2-1/2"]
[WhiteElo "1557"]
[BlackElo "1975"]
[PlyCount "65"]
[EventDate "2016.08.18"]
[EventType "swiss"]
[EventRounds "9"]
[EventCountry "CZE"]
[SourceTitle "CBM 174 Extra"]
[Source "ChessBase"]
[SourceDate "2016.10.10"]
[SourceVersion "1"]
[SourceVersionDate "2016.10.10"]
[SourceQuality "1"]

1. d4 e6 2. c4 Bb4+ 3. Nc3 c5 4. e3 Nc6 5. Nge2 b6 6. a3 Ba5 7. Bd2 Nf6 8. g3 Ba6 9. b3 0-0 10. Bg2 Rc8 11. 0-0 d5 12. cxd5 exd5 13. Re1 Re8 14. Rb1 cxd4 15. exd4 Bd3 16. b4 Bxb1 17. Qxb1 Qd6 18. bxa5 Nxa5 19. Nb5 Qd7 20. Bxa5 bxa5 21. Qd3 Rb8 22. Rb1 a6 23. Nbc3 Rxb1+ 24. Qxb1 Qd6 25. Qa2 Rd8 26. a4 Qe6 27. Kf1 Qc6 28. Qb3 Qd6 29. Kg1 Rb8 30. Qa2 Rd8 31. Nf4 Qb6 32. Nfe2 Qd6 33. Nf4 1/2-1/2

[Event "EU-ch U14 26th"]
[Site "Prague"]
[Date "2016.08.26"]
[Round "8"]
[White "Kreutzmann, Duke"]
[Black "Dobrin, Ionut Alexandru"]
[Result "1-0"]
[WhiteElo "1975"]
[BlackElo "1829"]
[PlyCount "93"]
[EventDate "2016.08.18"]
[EventType "swiss"]
[EventRounds "9"]
[EventCountry "CZE"]
[SourceTitle "CBM 174 Extra"]
[Source "ChessBase"]
[SourceDate "2016.10.10"]
[SourceVersion "1"]
[SourceVersionDate "2016.10.10"]
[SourceQuality "1"]

1. d4 Nf6 2. Nf3 e6 3. Bf4 d5 4. e3 c5 5. c3 Nc6 6. Nbd2 cxd4 7. exd4 Bd6 8. Bg3 Bxg3 9. hxg3 0-0 10. Bd3 Qc7 11. 0-0 b6 12. Re1 Bb7 13. a4 Rfe8 14. Bb5 a6 15. Bxc6 Bxc6 16. Ne5 Rad8 17. g4 Nd7 18. Nd3 Bb7 19. Nf3 Re7 20. g5 Rde8 21. Nfe5 f6 22. gxf6 gxf6 23. Ng4 e5 24. Nh6+ Kh8 25. Nf5 Rf7 26. Qh5 Ref8 27. Re3 e4 28. Ne1 Nb8 29. Nc2 Qd7 30. Rg3 Nc6 31. Nce3 Bc8 32. Ra2 Qe6 33. Ra1 Qd7 34. Kf1 Qe6 35. Ra2 Qd7 36. Ke1 Qe6 37. Kf1 Qd7 38. Kg1 Qe6 39. Kh1 Qd7 40. Ra1 Qe6 41. Kh2 Rd8 42. Rh1 Ne7 43. Kg1 Nxf5 44. Nxf5 Rdf8 45. Ng7 Rxg7 46. Rxg7 Qf5 47. Qxh7+ 1-0

[Event "EU-ch U14 26th"]
[Site "Prague"]
[Date "2016.08.19"]
[Round "2"]
[White "Stage Steffensen, Sander"]
[Black "Kreutzmann, Duke"]
[Result "0-1"]
[WhiteElo "1688"]
[BlackElo "1975"]
[PlyCount "96"]
[EventDate "2016.08.18"]
[EventType "swiss"]
[EventRounds "9"]
[EventCountry "CZE"]
[SourceTitle "CBM 174 Extra"]
[Source "ChessBase"]
[SourceDate "2016.10.10"]
[SourceVersion "1"]
[SourceVersionDate "2016.10.10"]
[SourceQuality "1"]

1. e4 e6 2. d3 d5 3. Nd2 c5 4. Ngf3 Nc6 5. g3 Nf6 6. Bg2 g6 7. 0-0 Bg7 8. Re1 0-0 9. c3 a5 10. Qc2 a4 11. a3 b6 12. Rb1 Ba6 13. Ra1 Rc8 14. Bf1 b5 15. Qb1 Qb6 16. h4 Bb7 17. Bh3 dxe4 18. dxe4 Na5 19. Bf1 c4 20. Bg2 Nh5 21. Nf1 Nb3 22. Be3 Qc6 23. N1d2 Nxa1 24. Qxa1 Nf6 25. Nd4 Qa6 26. Nc2 Ng4 27. Nb4 Qa8 28. Nc2 Nxe3 29. Nxe3 Rfd8 30. Qc1 Rd3 31. Nc2 Rcd8 32. Re2 Bh6 33. f4 Rxg3 34. Qe1 Bxf4 35. Qf2 Qb8 36. Nf3 Rd1+ 37. Nce1 Rg4 38. e5 Bg3 39. Qxg3 Rxg3 40. Kf2 Bxf3 41. Nxf3 Rg4 42. Bh3 Qb6+ 43. Nd4 Rgg1 44. Re4 Qb7 45. Rf4 Qh1 46. Nf3 Qxh3 47. Nxg1 Rf1+ 48. Ke2 Qd3# 0-1

[Event "EU-ch U14 26th"]
[Site "Prague"]
[Date "2016.08.18"]
[Round "1"]
[White "Kreutzmann, Duke"]
[Black "Baenziger, Fabian"]
[Result "0-1"]
[WhiteElo "1975"]
[BlackElo "2325"]
[PlyCount "58"]
[EventDate "2016.08.18"]
[EventType "swiss"]
[EventRounds "9"]
[EventCountry "CZE"]
[SourceTitle "CBM 174 Extra"]
[Source "ChessBase"]
[SourceDate "2016.10.10"]
[SourceVersion "1"]
[SourceVersionDate "2016.10.10"]
[SourceQuality "1"]

1. d4 Nf6 2. Nf3 d6 3. Nbd2 g6 4. e4 Bg7 5. Bd3 0-0 6. 0-0 Nfd7 7. c3 e5 8. Nc4 Nc6 9. Bg5 Qe8 10. Bc2 Nb6 11. Ne3 h6 12. d5 Nb8 13. Bh4 f5 14. exf5 gxf5 15. Re1 Qh5 16. Nf1 Qf7 17. Bb3 a5 18. a3 a4 19. Ba2 Na6 20. Qd2 Nc5 21. Rad1 f4 22. h3 Bf5 23. Bb1 Bxb1 24. Rxb1 Qxd5 25. Rbd1 Qxd2 26. N1xd2 Nd3 27. Re2 Nxb2 28. Rb1 Nd3 29. Be7 Rfe8 0-1

[Event "Solingen Karneval op"]
[Site "Solingen"]
[Date "2016.02.05"]
[Round "1"]
[White "Kreutzmann, Duke"]
[Black "Terhuven, Patrick"]
[Result "0-1"]
[WhiteElo "1754"]
[BlackElo "2163"]
[PlyCount "120"]
[EventDate "2016.02.05"]
[EventType "swiss"]
[EventRounds "5"]
[EventCountry "GER"]
[SourceTitle "EXT 2018"]
[Source "ChessBase"]
[SourceDate "2017.10.13"]
[SourceVersion "1"]
[SourceVersionDate "2017.10.13"]
[SourceQuality "1"]

1. d4 Nf6 2. Nf3 c5 3. c3 d5 4. Bf4 e6 5. e3 Nc6 6. Bd3 Bd6 7. Bg3 0-0 8. Nbd2 b6 9. Ne5 Ne7 10. 0-0 Qc7 11. f4 Nf5 12. Bf2 Be7 13. Qf3 Nd6 14. Rad1 a5 15. Qe2 Nfe4 16. a4 f6 17. Nef3 Bd7 18. Bc2 b5 19. Nxe4 dxe4 20. Nd2 f5 21. dxc5 Qxc5 22. Nb3 Qb6 23. Nd4 bxa4 24. Bb1 Rab8 25. Rd2 Bb5 26. Nxb5 Qxb5 27. Qxb5 Rxb5 28. Ba2 Kf7 29. Rfd1 Rfb8 30. Rd4 Rxb2 31. Rxa4 Nb5 32. Be1 Re2 33. Rxa5 Rxe3 34. Bd2 Rd3 35. Bc4 Nxc3 36. Bxd3 Nxd1 37. Bc4 Rb1 38. Rxf5+ Kg6 39. Rb5 Rxb5 40. Bxb5 Bc5+ 41. Kf1 Ne3+ 42. Kf2 Nd5+ 43. Kg3 Kf5 44. Be2 Bd6 45. Bg4+ Kf6 46. Bc1 g5 47. Bb2+ Kf7 48. Bh5+ Kf8 49. Bd1 gxf4+ 50. Kf2 Bc5+ 51. Ke2 Ne3 52. Bb3 Nxg2 53. Bxe6 f3+ 54. Kf1 e3 55. Bc4 Nf4 56. Bc3 e2+ 57. Bxe2 fxe2+ 58. Ke1 Be7 59. Kf2 Bh4+ 60. Kf3 Nd5 0-1

[Event "Berlin Lichtenberger op 14th"]
[Site "Berlin"]
[Date "2015.08.17"]
[Round "3"]
[White "Ferster, Fabian"]
[Black "Kreutzmann, Duke"]
[Result "1-0"]
[WhiteElo "2142"]
[BlackElo "1835"]
[PlyCount "57"]
[EventDate "2015.08.15"]
[EventType "swiss"]
[EventRounds "9"]
[EventCountry "GER"]
[SourceTitle "EXT 2016"]
[Source "ChessBase"]
[SourceDate "2015.10.08"]
[SourceVersion "1"]
[SourceVersionDate "2015.10.08"]
[SourceQuality "1"]

1. c4 g6 2. g3 Bg7 3. Bg2 c5 4. Nc3 Nc6 5. Nf3 Nf6 6. d4 cxd4 7. Nxd4 0-0 8. 0-0 Nxd4 9. Qxd4 d6 10. Qd3 Nd7 11. b3 Ne5 12. Qd2 Rb8 13. Bb2 Qa5 14. Rfd1 Nd7 15. Nd5 Qd8 16. Bxg7 Kxg7 17. Qd4+ Kg8 18. Qxa7 e6 19. Nc3 Qe7 20. Qd4 Ra8 21. Qxd6 Qf6 22. Ne4 Qg7 23. a4 Ne5 24. Qe7 Nc6 25. Nf6+ Kh8 26. Bxc6 bxc6 27. Rd8 Ba6 28. Rad1 h5 29. Rxa8 1-0